000 00454nam a2200169Ia 4500
008 230917s9999||||xx |||||||||||||| ||und||
020 _cRS2995
040 _e247501
_aMAIN
041 _aEnglish
082 _a641.567 K527W
100 _aKhanna, Vikas
245 0 _aWorld feast: My favourite kicthen
260 _aNoida
_bOm Books International
_c2015
300 _a383 p.
500 _a3123 23/05/2018 HBD18/7404 26/05/2018 Main Budget
942 _cBK
999 _c26835
_d26835